000 00204 a2200109 4500
020 _a0-8239-6133-8
041 _aeng
100 _akirkpatrick, rob
245 _amark mcgwire
942 _cBK
952 _71
999 _c17876
_d17876